| 000 | 01875cam a22004574i 4500 | ||
|---|---|---|---|
| 003 | PE-LiUPU | ||
| 005 | 20250731173357.0 | ||
| 008 | 150706s r 000 0 d | ||
| 020 | _a9780800662950 | ||
| 035 | _a(Sirsi) i9780800662950 | ||
| 040 |
_aPE-LiUPU _bspa _cPE-LiUPU _erda |
||
| 049 | _aPRUA | ||
| 082 | 0 | 4 |
_a253 _bK75 _221 |
| 100 | 1 |
_aKoppel, Michael S., _eautor. |
|
| 245 | 1 | 0 |
_aOpen-Hearted ministry : _bplay as key to pastoral leadership / _cMichael S. Koppel. |
| 264 | 1 |
_aMinneapolis, MN : _bFortress Press, _c2008. |
|
| 300 |
_a139 páginas ; _c22 centímetros |
||
| 336 |
_atext _2rdacontent |
||
| 337 |
_aunmediated _2rdamedia |
||
| 338 |
_avolume _2rdacarrier |
||
| 505 | 0 | _aPlayfully Misfit: A Vision for effective pastoral leadership -- Play and Grief: reenewing trust for ministry -- Plays and playing: discovering authentic Selfhood -- Playful teaching and learning -- Leadership as playful creative adventure -- The play of Pastoral care -- All I Ever Needed to know I learned on the Playground: Insights and practices for pastoral leadership. | |
| 526 | _aSEG42 | ||
| 526 | _aSEG41 | ||
| 526 | _aSEG40 | ||
| 526 | _aSEG39 | ||
| 526 | _aP94 | ||
| 526 | _aP87 | ||
| 526 | _aP86 | ||
| 526 | _aP85 | ||
| 526 | _aP77 | ||
| 526 | _aP76 | ||
| 526 | _aP35 | ||
| 541 | _g9780800634391; | ||
| 650 | 0 | 4 |
_aTeología pastoral _xCristianismo. |
| 910 | _agl20101215 | ||
| 942 |
_2ddc _cBOOK |
||
| 949 |
_a253 K75 _wDEWEY _c1 _i62388 _lCCODEBUL1 _mBUL _p12.00 _r0 _sY _tBOOK _u2015-7-6 _xTEOLOGIA _PP35 _0COMPRA _o.STAFF. Colección General |
||
| 994 |
_aC0 _bPEPRU |
||
| 596 | _a1 | ||
| 999 |
_a253 K75 _wDEWEY _c51417 _i62388 _f2021-11-10 _g5 _lCCODEBUL1 _mBUL _p12.00 _r0 _sY _tBOOK _u2015-7-6 _xTEOLOGIA _PP35 _0COMPRA _o.STAFF. Colección General _d51417 |
||
| 980 |
_81 _gALBERTO SANCHEZ Responsable de Automatización |
||